000
00208nam a22000977a 4500
003
OSt
008
200922b ||||| |||| 00| 0 eng d
100
_a
Maupassant, Guy De
_9
4760
245
_a
Une vie
942
_c
BK
999
_c
16330
_d
16330